[Event "EU-ch 7th"]
[Site "Kusadasi"]
[Date "2006.04.07"]
[Round "4"]
[White "Malakhatko, Vadim"]
[Black "Atalik, Suat"]
[Result "1/2-1/2"]
[WhiteElo "2559"]
[BlackElo "2632"]
[Annotator "Atalik,S"]
[PlyCount "50"]
[EventDate "2006.04.04"]
[EventType "swiss"]
[EventRounds "13"]
[EventCountry "TUR"]
[SourceTitle "CBM 111 Extra"]
[Source "ChessBase"]
[SourceDate "2006.05.09"]
[SourceVersion "1"]
[SourceVersionDate "2006.05.09"]
[SourceQuality "1"]

1. d4 d5 2. c4 c6 3. Nc3 Nf6 4. e3 e6 (4... a6 $5 5. Qc2 e6 6. Bd2 c5 7. dxc5
Bxc5 8. cxd5 exd5 9. Nb5 Nbd7 10. b4 $13) 5. Nf3 a6 6. Qc2 c5 7. dxc5 {A
toothless line.} ({After the regular} 7. cxd5 exd5 8. Be2 Nc6 9. O-O Be6 10.
Rd1 Nb4 11. Qb1 $1 (11. Qd2 Ne4 12. Nxe4 dxe4 13. a3 exf3 14. Bxf3 Nc6 15. d5
Ne5 16. dxe6 Nxf3+ 17. gxf3 fxe6 $11) 11... Qc8 12. Ng5 (12. e4 Nxe4 13. Re1
$44) 12... Bf5 13. e4 $13 {are subject to investigate.}) 7... Bxc5 8. a3 dxc4
9. Bxc4 {Draw offer.} b5 10. Bd3 (10. Nxb5 $2 axb5 11. Bxb5+ Bd7 12. Qxc5 Qa5+
$19) 10... Nbd7 11. b4 ({I knew the tricks after} 11. Ne4 Be7 12. Bd2 (12. Qc6
$2 Nxe4 13. Qxa8 Nec5 14. Be2 Nb6 15. Qa7 Bb7 16. b4 Nc8 $19) 12... Bb7 13. Bc3
$11 {since my game with Misha Gurevich.}) 11... Be7 (11... Bd6 $2 12. Ne4 Nxe4
13. Bxe4 Ra7 14. Bb2 $16) 12. Bb2 Bb7 13. O-O O-O 14. Rfd1 Qb8 $6 $146 {
A really interesting idea I have analysed some time ago.} (14... h6 $11) 15.
Bxh7+ Nxh7 16. Rxd7 Bf6 17. Rd3 (17. Qe2 Rc8 18. Rc1 Rc4 $132) 17... Bxf3 $1
18. gxf3 Qe5 $44 {This is an interesting position I have thought that black
can take over the initiative.} 19. f4 Qh5 20. Rad1 $6 {An incredible decision.}
({Good or bad he had to try} 20. Qd1 Qg6+ 21. Kh1 Rad8 22. Rxd8 Rxd8 23. Qe2
Bxc3 (23... Qd3 $2 24. Rd1) 24. Bxc3 Qd3 25. Qxd3 Rxd3 26. Bd4 Nf6 27. Kg2 Nd5
28. Kf3 Rd2 $44 (28... Rb3 $2 29. Ke2 $18) (28... f6 29. Ke2 $2 Nxf4+)) 20...
Rac8 21. R1d2 Qg4+ (21... Rc4 22. Qd1 Qg6+ 23. Kf1 Rfc8 24. Ne2 Bxb2 25. Rd8+
Nf8 26. Rxb2 $11) 22. Kh1 Qf3+ 23. Kg1 Qg4+ {Unfortunately even the
alternatives are not bringing anything better than a draw.} (23... Rc4 24. Qd1
Ng5 $5 (24... Qc6 $6 25. Rd6 Qc8 26. Ne2 Bxb2 27. Rxb2 $14) 25. fxg5 Rg4+ 26.
Kf1 Qh3+ 27. Ke2 Qh5 $1 $11) 24. Kh1 Qf3+ 25. Kg1 Qg4+ 1/2-1/2

[Event "Paracin Summer op-A 10th"]
[Site "Paracin"]
[Date "2017.07.13"]
[Round "8"]
[White "Nestorovic, Dejan"]
[Black "Atalik, Suat"]
[Result "0-1"]
[WhiteElo "2358"]
[BlackElo "2525"]
[Annotator "Atalik,S"]
[PlyCount "46"]
[EventDate "2017.07.07"]
[EventType "swiss"]
[EventRounds "9"]
[EventCountry "SRB"]
[SourceTitle "CBM 180"]
[Source "ChessBase"]
[SourceDate "2017.09.13"]
[SourceVersion "1"]
[SourceVersionDate "2017.09.13"]
[SourceQuality "1"]

1. d4 d5 2. c4 c6 3. e3 Nf6 4. Nc3 e6 5. Nf3 Nbd7 6. Qc2 Bd6 7. b3 O-O 8. Bd3 (
{For many years Portisch's favorite} 8. Be2 {has been acknowledged to be the
safest move} b6 9. O-O Bb7 10. Bb2 Re8 (10... Qe7 11. Rad1 Rad8 12. Rfe1 c5 13.
cxd5 exd5 $13) 11. Rad1 Qe7 12. Rfe1 c5 13. cxd5 exd5 $13) 8... b6 9. O-O Bb7
10. Bb2 c5 $1 11. cxd5 exd5 {Portisch versus Portisch! Reversed e3 QID
positions are rich in tactics.} 12. Rfd1 Rc8 $5 {This is the core of my
preparation: Black needs ...Rc8 to exchange on d4 or to push ...c4.} (12... Qe7
) 13. dxc5 (13. Qe2 Qe7 14. Ba6 (14. Rac1 Rcd8 $5 15. Ba6 Ba8 {is another
schema to play with ...Qe7, ...Rad8 when White has Qe2 planning Ba6.}) 14...
cxd4 15. Nxd4 Bxh2+ 16. Kxh2 Bxa6 17. Qxa6 Ng4+ 18. Kg3 (18. Kg1 $2 Qh4) 18...
Ndf6 $40 {and ...Rxc3 is in the air!}) 13... bxc5 14. Bf5 {The most consequent
idea,} ({but} 14. Ne2 {may be safer.} Qe7 15. Ng3 g6) 14... g6 (14... d4 $2 15.
Ne4) 15. Bh3 ({White has the provocative} 15. Nb5 $5 Be7 $1 {The only move
which avoids the loss of an exchange.} 16. Bh3 Qa5 (16... a6 17. Nc3 Rc7 $132)
17. Nc3 Rfd8 $132) 15... d4 $1 {Good or bad, the potential of hanging pawns
depends on the idea to push one of them.} 16. exd4 {White picks up the
gauntlet!} (16. Ne2 Re8 (16... Bxf3 17. gxf3 Nd5 18. Qe4 N7f6 19. Qh4 Rb8 20.
exd4 c4 $44) 17. Ng3 Rc7 $13) 16... Bxf3 17. gxf3 cxd4 (17... c4 $142 $5 $40)
18. Rxd4 Be5 19. Rd3 $2 {I think Dejan missed Black's next} (19. Qd2 $3 Bxd4
20. Qxd4 Qb6 (20... Nb6 21. Ne4) 21. Nd5 (21. Qxb6 axb6 22. Rd1 Rcd8 23. Rd6)
21... Qxd4 22. Ne7+ Kg7 23. Bxd4 Rce8 24. Re1 $44 {might have refuted Black's
inaccuracy!}) ({Otherwise he would go for} 19. Rc4 Rxc4 20. bxc4 Nh5 21. Nd5
Qg5+ (21... Bxb2 22. Qxb2 Nb6 23. Qd4 Nxd5 24. cxd5 Qg5+ 25. Kh1 Nf4 26. Rg1
$140 $2 Qxg1+) 22. Kh1 Rb8 23. Bxe5 Qxe5 24. Rb1 Rxb1+ 25. Qxb1 Ndf6 26. Nxf6+
Qxf6 $44) 19... Nh5 $3 {A bolt from the blue! Black's queen's participation in
the attack is worth a piece.} 20. Bxd7 (20. Rxd7 Qg5+) (20. f4 $5 Nxf4 21. Bxd7
Rc7 (21... Nxd3 22. Qxd3 Bxc3 23. Bxc3 Rxc3 24. Qxc3 Qxd7 25. h3 $15) 22. Rad1
Nxd3 23. Qxd3 Qg5+ 24. Kf1 Rd8 25. Ne4 Rdxd7 26. Nxg5 Rxd3 27. Rxd3 Bxb2 $15)
20... Qg5+ {The zigzag Qd8-g5-f4 is the way to reach h2.} (20... Qh4 $2 21. f4)
21. Bg4 $2 ({The only defence was} 21. Kf1 Nf4 22. Bxc8 Bxc3 $1 ({It is
amazing that} 22... Qg2+ $2 23. Ke1 Qg1+ (23... Bxc3+ 24. Bxc3 Re8+ 25. Kd2
Re2+ 26. Kc1 Rxc2+ 27. Kxc2 Nxd3 28. Rd1 $1 $18) 24. Kd2 Qxf2+ 25. Kc1 Nxd3+
26. Qxd3 Rxc8 27. Kb1 Qxh2 28. a4 $1 h5 29. Qe2 $18 {is lost for Black!}) 23.
Bxc3 Rxc8 (23... Re8 24. Bg4) 24. Rd4 $3 Qg2+ 25. Ke1 Qxf3 26. Rxf4 $1 Re8+ 27.
Kd2 Qxf4+ 28. Kd1 {and White could have defended showing some real sang froid!}
Qg5 (28... Rd8+ $2 29. Bd2 Qf3+ 30. Kc1) (28... Re6 {tries to build up a
bridge on the 6th rank with ...Rd6 and after Bd2 Qf3+ Kc1 Rc6+.} 29. h3 Rd6+
30. Bd2 Qf3+ 31. Kc1 Rc6) 29. h4 Qg1+ 30. Kd2 Qxf2+ 31. Kc1 Re2 32. Bd2 (32.
Qd3 Qg1+ 33. Qd1 Qe3+ 34. Bd2 Qc5+ 35. Kb1 Qf5+ $11) (32. Qd1 Qe3+ 33. Kb1 Qe4+
$11) 32... Qg1+ 33. Qd1 Qc5+ 34. Kb1 Qf5+ $11) 21... Qf4 22. Bxh5 $2 {This
leads to a quick exposure of the e-file which finishes the game.} ({Instead
White should have tried to push f4 with} 22. Kf1 Qxh2 (22... Rfe8 23. Re3) 23.
f4 $1 Qh1+ $1 (23... Nxf4 $2 24. Rg3) (23... Bxf4 24. Rh3 Ng3+ 25. Rxg3 Bxg3
26. Bf3 $13) 24. Ke2 Rxc3 $5 (24... Nxf4+ 25. Kd2 Qh6 26. Bxc8 Nxd3+ 27. Kxd3
Rxc8 $40 {leads to a vicious attack} 28. Qc1 (28. Qe2 Bxc3 29. Bxc3 Rxc3+ 30.
Kxc3 Qg7+ $17) (28. Rd1 Qh3+ 29. Ke2 Bxc3) (28. Rg1 Qh2 29. Rd1 Qh3+ 30. Ke2
Bxc3 $17) 28... g5 $3 29. Qe3 Qg6+ 30. Qe4 Qxe4+ 31. Kxe4 Bxc3 32. Bxc3 Rxc3)
25. Bxc3 Qe4+ 26. Kd2 Qxf4+ 27. Ke1 Bxc3+ 28. Rxc3 Qxg4 $17) 22... Qxh2+ 23.
Kf1 Bxc3 $1 {White resigned immediately since the e-file has been opened.} (
23... Bxc3 24. Rxc3 (24. Bxc3 Rfe8 (24... Rce8 $5 $19) 25. Re3 Rxe3 26. fxe3
Qxc2 $19) 24... Rce8 $5 $19 (24... Rfe8 25. Re3 Qh1+ 26. Ke2 Rxc2+ $19)) 0-1

[Event "Olympiad-37"]
[Site "Turin"]
[Date "2006.05.27"]
[Round "6"]
[White "Atalik, Suat"]
[Black "Cubas, Jose Fernando"]
[Result "1/2-1/2"]
[WhiteElo "2632"]
[BlackElo "2425"]
[Annotator "Atalik,S"]
[PlyCount "68"]
[EventDate "2006.05.21"]
[EventType "team-swiss"]
[EventRounds "13"]
[EventCountry "ITA"]
[SourceTitle "CBM 113"]
[Source "ChessBase"]
[SourceDate "2006.07.31"]
[SourceVersion "1"]
[SourceVersionDate "2006.07.31"]
[SourceQuality "1"]
[WhiteTeam "Turkey"]
[BlackTeam "Paraguay"]
[WhiteTeamCountry "TUR"]
[BlackTeamCountry "PAR"]

1. d4 d5 2. c4 c6 3. Nc3 Nf6 4. e3 e6 5. Nf3 a6 $5 {Everyboy goes for this
these days.} 6. c5 b6 $1 {This is what I was planning as well.} 7. cxb6 Nbd7 8.
Na4 Nxb6 9. Bd2 Nxa4 10. Qxa4 Bd7 11. Ne5 $6 {I do not like this automatic
move.} Bd6 $1 12. Nxd7 (12. Bd3 c5 13. Nxd7 Qxd7 14. Qxd7+ Nxd7 15. b3 Ke7 16.
Ke2 Rhb8 17. Rab1 e5 18. Bf5 $11) 12... Qxd7 13. Rc1 c5 14. Qxd7+ Nxd7 15. b3 (
15. dxc5 Nxc5 16. f3 a5 $11) 15... Ke7 16. Bd3 Rhb8 17. Ke2 a5 18. dxc5 Nxc5
19. Bc2 Nd7 20. Rb1 $6 {Sometimes my play with white scares only myself.} (20.
e4 Nf6 $11) (20. Bc3 $2 Ba3 21. Rb1 Rc8 22. Kd2 Bb4 23. Bxb4+ axb4 $17) 20...
Bb4 21. Bc1 Rc8 22. Bd3 Nc5 23. Bb2 Nxd3 24. Kxd3 Bd6 25. g3 f6 26. Rhc1 Rcb8
$1 $17 27. Bd4 Rb5 28. a4 Rb7 29. Rc6 (29. Bc5 Rab8 30. Bxd6+ Kxd6 31. Rc3 Rb4
32. Kc2 g5 $17) 29... Kd7 $1 {Black's play was very impressive so far.} (29...
Rab8 $2 30. Ra6 Rxb3+ 31. Rxb3 Rxb3+ 32. Kc2 Ra3 33. Rxa5 Ra2+ 34. Kb3 Rxf2 35.
Ra7+ Ke8 36. Rxg7 e5 37. Bb6 Rxh2 38. a5 Rh1 39. Kb2 Rh2+ $11) 30. Rc3 (30. Rb6
$4 {loses a piece.} Rxb6 31. Bxb6 e5 32. Rc1 Ra6 33. Bc5 Rc6 $19) 30... Rab8 (
30... e5 31. Bc5 e4+ 32. Kc2 (32. Ke2 $2 {could easily be my choice.} Be5 33.
Bd4 Bxd4 34. exd4 Rb4 35. Rbc1 Ra7 36. Ke3 Rab7 37. Rc5 Rxb3+ 38. Ke2 Rb2+ 39.
Ke1 Rb1 40. Rxb1 Rxb1+ 41. Ke2 Rb2+ 42. Ke3 Rb3+ 43. Ke2 Kd6 44. Rxa5 Rd3 45.
Ra6+ Ke7 46. Ra7+ Ke6 47. Rxg7 Rxd4 48. Rxh7 Rxa4 $17 {The resulting ending
looks very difficult for white.}) 32... Be5 33. Bd4 Bxd4 34. exd4 Rb4 35. Rd1
Rc8 36. Rxc8 Kxc8 37. Kc3 $15) 31. Bc5 Be5 32. Bd4 Bd6 $2 {All of a sudden my
opponent became timid and satisfied with a draw.} (32... Bc7 33. Kc2 e5 34. Bc5
e4 $15) (32... Bxd4 33. exd4 (33. Kxd4 Rb4+ 34. Kd3 Rxa4 35. bxa4 Rxb1 36. Rc5
Rb2 37. Rxa5 Rxf2 38. Ra7+ Kd6 39. Rxg7 Rxh2 40. e4 dxe4+ 41. Kxe4 h5 42. Rh7
$17) 33... Kd6 (33... Rb4 34. Rc5) 34. Kc2 Rb4 35. Rd1 e5 36. dxe5+ fxe5 $17 {
looks also very unpleasant for white.}) 33. Bc5 Be5 34. Bd4 Bd6 1/2-1/2

[Event "Olympiad-37"]
[Site "Turin"]
[Date "2006.05.30"]
[Round "9"]
[White "Hansen, Lars Bo"]
[Black "Atalik, Suat"]
[Result "1/2-1/2"]
[WhiteElo "2560"]
[BlackElo "2632"]
[Annotator "Atalik,S"]
[PlyCount "49"]
[EventDate "2006.05.21"]
[EventType "team-swiss"]
[EventRounds "13"]
[EventCountry "ITA"]
[SourceTitle "CBM 113"]
[Source "ChessBase"]
[SourceDate "2006.07.31"]
[SourceVersion "1"]
[SourceVersionDate "2006.07.31"]
[SourceQuality "1"]
[WhiteTeam "Denmark"]
[BlackTeam "Turkey"]
[WhiteTeamCountry "DEN"]
[BlackTeamCountry "TUR"]

1. d4 d5 2. c4 c6 3. Nc3 Nf6 4. e3 e6 5. Nf3 a6 6. Qc2 c5 7. dxc5 Bxc5 8. a3 {
Lars-Bo goes for this drawish line.} dxc4 9. Bxc4 b5 10. Bd3 Nbd7 11. b4 Be7
12. Bb2 Bb7 13. O-O Rc8 $5 {I am not in sacrificial mood for today.} (13... O-O
14. Rfd1 Qb8 15. Bxh7+ Nxh7 16. Rxd7 Bf6 $44) 14. Rfd1 Qc7 $5 {Black has to be
very careful after this.} (14... O-O $6 15. Ng5) (14... h6 15. e4 O-O $11 {
should give equal chances.}) (14... Nd5 15. e4 (15. Qb3 $6 Nxc3 16. Bxc3 Bxf3
17. gxf3 Bf6 18. Rac1 O-O 19. f4 Bxc3 20. Rxc3 Qh4 21. Bxh7+ Kxh7 (21... Qxh7
22. Rxd7 Qg6+ 23. Kh1 Qe4+ $11) 22. Qb1+ Kg8 23. Rxc8 Rxc8 24. Rxd7 Qg4+ 25.
Kf1 e5 26. Qd1 Qxd1+ 27. Rxd1 exf4 28. exf4 Rc3 29. Rd6 Rxa3 30. Kg2 $11) 15...
Nxc3 16. Bxc3 Bf6 17. Bxf6 Qxf6 18. Qe2 O-O 19. a4 Ne5 20. Nxe5 Qxe5 21. axb5
axb5 22. Bxb5 Qxe4 23. Qxe4 Bxe4 $14) 15. Rac1 Bxf3 $1 16. gxf3 Ne5 17. Qe2 Qb8
$1 {I have to hold Ne5.} (17... Qb7 $2 18. Ne4 (18. Be4 $2 Nxe4 19. Nxe4 Nc4
$15) 18... Rxc1 19. Rxc1 Nxd3 20. Qxd3 O-O 21. Bxf6 Bxf6 22. Nxf6+ gxf6 23. Qe4
Qxe4 24. fxe4 Ra8 25. Rc6 $16) (17... Nxd3 $4 18. Nd5 $1 $18 (18. Nxb5 Qb8))
18. Ne4 (18. Nxb5 $2 {Before going into this line I was for a while stuck with
this sac.However I decided that it is rather bad.} Nxd3 19. Rxc8+ Qxc8 20. Qxd3
axb5 21. Qxb5+ Kf8 22. Rc1 Qa8 23. Rc6 g6 24. a4 Kg7 25. Rc7 Bd6 26. Rb7 Rb8
27. Rxb8 Qxb8 28. Qxb8 Bxb8 29. a5 e5 30. b5 Nd7 $17) 18... O-O $11 {Both
sides can not avoid massive exchanges.} 19. Bxe5 (19. Nc5 $5 Bxc5 (19... Nxd3
20. Rxd3 Qa7 $2 21. Bxf6 Bxf6 22. Rd6 a5 23. Qxb5 Bb2 24. Rc4 axb4 25. axb4 $16
) 20. bxc5 Nxd3 21. Rxd3 Rc6 $11 {keeps the game going.}) 19... Qxe5 20. f4 Qb8
21. Nxf6+ Bxf6 22. Be4 {Now there is not much to do.Black can not organize an
attack on f2 .} g6 23. Kg2 Rxc1 24. Rxc1 Rc8 25. Rxc8+ {A very drawish game.} (
25. Rxc8+ Qxc8 26. Qc2 Qxc2 27. Bxc2 Bb2 28. Be4 (28. a4 bxa4 29. Bxa4 Bc3 30.
b5 a5 31. b6 Bb4 32. e4 Bc5 33. b7 Ba7 $11) 28... Bxa3 29. Bb7 Bxb4 30. Bxa6
$11) 1/2-1/2

[Event "Sigeman & Co 14th"]
[Site "Malmo"]
[Date "2006.05.02"]
[Round "5"]
[White "Atalik, Suat"]
[Black "Hillarp Persson, Tiger"]
[Result "1/2-1/2"]
[WhiteElo "2632"]
[BlackElo "2524"]
[Annotator "Atalik,S"]
[PlyCount "101"]
[EventDate "2006.04.28"]
[EventType "tourn"]
[EventRounds "9"]
[EventCountry "SWE"]
[EventCategory "13"]
[SourceTitle "CBM 113"]
[Source "ChessBase"]
[SourceDate "2006.07.31"]
[SourceVersion "1"]
[SourceVersionDate "2006.07.31"]
[SourceQuality "1"]

1. d4 d5 2. c4 c6 3. Nc3 Nf6 4. e3 e6 5. Nf3 a6 $5 {How should we call this
Alekhine-Gurevich System?} 6. c5 {The most direct approach.} Nbd7 $5 {In my
opinion this is a risky line.} (6... b6 $142 $1 7. cxb6 Nbd7 (7... Qxb6 8. Na4
Qa7 9. Bd3 $13) 8. Na4 Nxb6 9. Bd2 Nxa4 10. Qxa4 Bd7 11. Ne5 Bd6 12. Nxd7 Qxd7
13. Rc1 c5 14. Qxd7+ Nxd7 $14) 7. b4 g6 8. Bd3 $1 Bg7 9. O-O O-O 10. Na4 $1 {
White has to keep the Bc1 on his original square for some time to enable
himself to protect e3 square in case of early e5.} Re8 (10... e5 $2 11. Nxe5
Nxe5 12. dxe5 Ng4 13. f4 $16) 11. Bb2 {White is threatening a positional
crunch with 12.Ne5.} e5 12. dxe5 Ng4 13. e6 fxe6 14. h3 ({I really could not
figure out in the resulting position after} 14. Bxg7 Kxg7 15. e4 a5 16. a3 Qf6
17. h3 Nh6 (17... Nge5 $2 18. Nxe5 Qxe5 19. Re1 axb4 20. exd5 $16) 18. Re1 axb4
19. axb4 Rf8 20. e5 Qf4 21. Qb3 Nf7 22. Qc3 Ng5 23. Nxg5 Qxg5 $13) 14... Bxb2
15. Nxb2 Ngf6 16. Qc2 Rf8 (16... e5 17. e4 $1 (17. Bxg6 hxg6 18. Qxg6+ Kh8 (
18... Kf8 19. Qh6+ Kg8) 19. Ng5 Re7 $17)) 17. Qc3 (17. e4 Nh5) 17... a5 18. a3
Qe7 19. Ne5 {White has to be careful about Nf6-h5-f4 in case of amutual e5 e4
d4 lock up comes in the center.} (19. Rae1 $2 e5 (19... axb4 $2 20. axb4 e5 21.
e4 d4 22. Qb3+ Kh8 23. Ra1 $16) 20. e4 d4 21. Qd2 Kg7 22. Nc4 Nh5 23. Be2 Nf4
$17) 19... Nxe5 20. Qxe5 Nd7 21. Qc3 e5 22. e4 axb4 (22... d4 $2 23. Qd2 Nf6
24. Qg5 $16) 23. axb4 Rxa1 24. Rxa1 Qh4 25. Nd1 $1 dxe4 26. Bf1 $2 {I had to
pour some flame in the position.After the text it is a draw.} (26. Qc4+ Kg7 27.
Qxe4 Rf4 28. Qe3 Rxb4 29. Ra8 Qd8 30. Nc3 $1 $16 {I have missed how strong
this could have been.} Nf6 (30... Rd4 $2 31. Be2 Qc7 32. Ne4 $18) 31. Qxe5 Qxd3
32. Qe7+ Kh6 33. Qxf6 Qf5 34. Qe7 Qf4 35. g4 $3 Qc1+ 36. Kg2 Bxg4 37. Qh4+ Bh5
38. Qxb4 Qg5+ 39. Kf1 Qc1+ $11) (26. Bc4+ $5 Kg7 27. Be6 $5 $13) 26... Kg7 (
26... Qf4 27. Bc4+ Kg7 28. Ra2 Nf6 29. Ne3 $44) 27. b5 Qe7 28. bxc6 bxc6 (28...
Nxc5 $2 29. Ra7 Qd6 30. Ne3 Qxc6 31. Qxe5+ $16) 29. Ra7 Kh8 30. Rc7 Qxc5 {
Draw offer.} 31. Rxc6 Qxc3 32. Nxc3 Nf6 33. Rc5 Re8 34. Bb5 Bd7 35. Bxd7 $6 (
35. Nd5 {At least I could have played a pawn up rook endgame but it is still a
draw.} Bxb5 36. Nxf6 Re6 37. Nxh7 Kxh7 38. Rxb5 Kh6 39. Rb4 Kg5 40. Rxe4 Kf5
41. f3 g5 42. Kf2 Ra6 43. Kg3 Ra2 44. Rb4 Rc2 45. Rb8 Ra2 $11) 35... Nxd7 36.
Rc6 e3 37. fxe3 e4 38. Nd5 $6 {This move is not bringing anything good but} ({
even after the better} 38. Rd6 $142 Nc5 (38... Re7 39. Nd5 Rf7 40. Re6 Nc5 41.
Re5 Kg7 $14 {leads to another dead drawn rook ending.}) 39. Rd5 Rc8 40. Nb5 Kg7
$11) 38... Re5 39. Rd6 Nc5 40. Nf4 Kg7 41. Rc6 Nd3 42. Rc7+ Kg8 (42... Kh6 43.
h4 (43. g4 Kg5) 43... Nxf4 44. exf4 Rf5 45. g3 Kh5 46. Rxh7+ Kg4 47. Kf2 e3+
48. Kxe3 Kxg3 $11) 43. Ne2 h5 44. h4 (44. Nf4 Nxf4 45. exf4 Rf5 46. g3 g5 $11 (
46... h4 $11)) 44... Ra5 45. Nc3 Ra1+ 46. Kh2 Rc1 47. Kg3 Kf8 (47... Rc2 {
is also leading to a draw.}) 48. Rc8+ (48. Nd5 $6 Rxc7 49. Nxc7 Ke7 50. Nd5+
Ke6 51. Nf4+ Kf5 {contains more danger for white rather than black.}) 48... Kg7
49. Rc7+ Kf8 50. Rc8+ (50. Rc6 $11) 50... Kg7 51. Rc7+ 1/2-1/2

[Event "Valle d'Aosta op 11th"]
[Site "Saint Vincent"]
[Date "2003.02.13"]
[Round "6"]
[White "Atalik, Suat"]
[Black "Gurevich, Mikhail"]
[Result "1/2-1/2"]
[WhiteElo "2581"]
[BlackElo "2634"]
[Annotator "Atalik,S"]
[PlyCount "67"]
[EventDate "2003.02.08"]
[EventType "swiss"]
[EventRounds "9"]
[EventCountry "ITA"]
[SourceTitle "EXT 2004"]
[Source "ChessBase"]
[SourceDate "2003.11.25"]
[SourceVersion "1"]
[SourceVersionDate "2003.11.25"]
[SourceQuality "1"]

1. d4 d5 2. c4 c6 3. Nc3 Nf6 4. Nf3 e6 5. e3 a6 $5 {Misha's new system in
Meran.} 6. Qc2 {Experience showed that black does not have particular problems
in other lines as well.} c5 $1 {The idea behind this small move a6 black goes
c5 without deploying the queens night on d7.} 7. dxc5 Bxc5 8. a3 dxc4 $1 {
This is much better than any other moves.} (8... O-O 9. b4 Be7 10. Bb2 dxc4 11.
Bxc4 Nbd7 12. Bd3 a5 (12... b5 13. Ng5 h6 14. Nh7 Re8 15. Nxf6+ Nxf6 16. Ne4
Bb7 17. Rd1 $14) 13. b5 Nc5 14. Be2 a4 15. Rd1 Qc7 16. Nb1 $1 $40) 9. Bxc4 ({
An interesting alternative is} 9. Ne4 Nxe4 10. Qxe4 c3 11. Qe5 Be7 (11... cxb2
12. Bxb2 Bf8 13. Rd1 $44) 12. Qxc3 Bf6 13. Qc2 Bd7 14. Bd3 Bc6 $11) 9... b5 10.
Bd3 ({It is very temtpting but wrong to chop on b5.} 10. Nxb5 $2 axb5 11. Bxb5+
Bd7 12. Qxc5 Qa5+ $19) 10... Nbd7 11. Ne4 Be7 {Retreat is the best!} (11... Bb7
$2 12. Nxc5 Nxc5 13. Bxb5+ axb5 14. Qxc5 Qd3 15. Nd4 $1 $16) 12. Bd2 {looks
like the best move to me.} (12. Qc6 $2 Nxe4 13. Qxa8 Nec5 14. Bc2 Nb6 15. Qa7
Bb7 16. b4 Nc8 17. Qxc5 Bxc5 18. bxc5 $19) 12... Bb7 13. Nxf6+ Bxf6 (13... Nxf6
14. Rd1 {is also equal most likely.}) 14. Rd1 Rc8 15. Qb1 h6 $1 16. Bb4 $6 {
After this white gets slightly worse.} (16. O-O O-O 17. Bb4 Re8 18. Bh7+ Kh8
19. Be4 Qc7 20. Nd2 $140 $11 Bd5 21. Bxd5 exd5 22. Nf3 a5 (22... Ne5 $6 23.
Rxd5 Nxf3+ 24. gxf3) 23. Rc1) 16... Qb6 17. O-O Nc5 18. Bxc5 Rxc5 19. Nd2 Be5
$6 {this throws away the advantage.} (19... Be7 20. Be4 O-O $15) 20. Be4 O-O
21. Bxb7 Qxb7 22. Ne4 Rc6 23. b4 $11 {Now because of c5 square white has just
equalized.} Rfc8 24. g3 $1 {All the pawns should go to the color of opponents
bishop known since Capa's time.In my opinion this was the best contribution to
modern chess by the late Cuban World Champion.} (24. Nc5 $6 Qb8 25. g3 (25. Nd7
$2 Bxh2+ 26. Kh1 Qc7 27. g3 Bxg3 28. fxg3 Qxg3 29. Nf6+ Kf8 30. Nd7+ Ke8 31.
Nc5 Rxc5 32. bxc5 Rxc5 $19) 25... Bd6 $15 {and the bishop goes to the diagonal
it belongs to.}) 24... Qc7 25. Rd3 $1 (25. f4 $6 Bd6 26. Nxd6 Rxd6 27. Rxd6
Qxd6 28. Rd1 Qc6 29. Qd3 Qf3 30. Rf1 Qh5 $15 {white exposes himself too much!})
25... a5 (25... Rc1 26. Rxc1 Qxc1+ 27. Qxc1 Rxc1+ 28. Kg2 Ra1 29. Nc5 $11) 26.
bxa5 Qxa5 27. Rfd1 (27. Rb3 Rb8) 27... Rc4 28. Rb3 Qa8 29. Nd2 Rc2 30. Rxb5
Qxa3 31. Nf1 $11 {The worst is over white has eventually beaten the power of
black bishop.} Bb2 (31... Rc1 32. Rxc1 Rxc1 33. Rb3 $1 $11) 32. Rd8+ {Petit
combinaison but now to equalize.} Rxd8 33. Qxc2 Bf6 34. Rc5 $11 1/2-1/2